"Bizakodás és balsejtelem"
Elmentve itt :
| Szerző: | |
|---|---|
| További közreműködők: | |
| Dokumentumtípus: | Szakdolgozat |
| Megjelent: |
2004
|
| Tárgyszavak: | |
| Online Access: | http://diploma.bibl.u-szeged.hu/43226 |
| LEADER | 00524nta a2200157 i 4500 | ||
|---|---|---|---|
| 001 | dipl43226 | ||
| 005 | 20140731114755.0 | ||
| 008 | 140731s2004 hu om 0|| hun d | ||
| 040 | |a SZTE Diploma Repozitórium |b hun | ||
| 041 | |a hun | ||
| 100 | 1 | |a Jakab Melinda | |
| 245 | 1 | 0 | |a "Bizakodás és balsejtelem" |h [elektronikus dokumentum] / |c Melinda Jakab |
| 260 | |c 2004 | ||
| 650 | 4 | |a Bölcsészettudományok | |
| 700 | 1 | |a Olasz Sándor |e ths | |
| 856 | 4 | 0 | |u http://diploma.bibl.u-szeged.hu/id/eprint/43226/1/2004_jakab_melinda.pdf |z Dokumentum-elérés |